[Event "GER-ch U18"]
[Site "Willingen"]
[Date "2022.06.06"]
[Round "3"]
[White "Rohde, Niclas"]
[Black "Jeschke, Jan"]
[Result "0-1"]
[WhiteElo "1730"]
[BlackElo "2125"]
[PlyCount "132"]
[EventDate "2022.06.04"]
[EventType "swiss"]
[EventRounds "9"]
[EventCountry "GER"]
[SourceTitle "CBM 208 Extra"]
[Source "ChessBase"]
[SourceDate "2022.07.31"]
[SourceVersion "1"]
[SourceVersionDate "2022.07.31"]
[SourceQuality "1"]

1. e4 c5 2. Nc3 Nc6 3. f4 g6 4. Nf3 Bg7 5. d3 e6 6. g3 Nge7 7. Bg2 0-0 8. 0-0 d5 9. h3 Bd7 10. Kh2 Rc8 11. g4 Nd4 12. Ne5 Be8 13. g5 f6 14. Ng4 f5 15. Ne3 Bc6 16. e5 b5 17. Nb1 Be8 18. c3 Ndc6 19. Nc2 a5 20. d4 c4 21. a3 Qb6 22. Bd2 Kf7 23. Kg3 Rh8 24. Rh1 Rb8 25. Be1 Bd7 26. Nd2 b4 27. axb4 axb4 28. Nf3 bxc3 29. Bxc3 Ra8 30. Qd2 Rhb8 31. Ra3 Rxa3 32. Nxa3 Bf8 33. Ra1 Nc8 34. Nc2 Qb3 35. Nfe1 Nb6 36. Rc1 Na4 37. Ne3 Nb4 38. Bf3 Na2 39. Bd1 Qb7 40. Ra1 N2xc3 41. bxc3 Nxc3 42. Qxc3 Bb4 43. Qc1 Bxe1+ 44. Kg2 Qb2+ 45. Qxb2 Rxb2+ 46. Kf1 Bd2 47. Ra7 Ke8 48. Ra8+ Ke7 49. Ra7 Kd8 50. Ra8+ Kc7 51. Ke2 c3 52. Ba4 Bc8 53. Ra5 Kb6 54. Rc5 Ba6+ 55. Kf3 Rb4 56. Nxd5+ exd5 57. e6 Rxa4 58. e7 Be2+ 59. Kxe2 Ra8 60. Rxd5 Re8 61. Re5 Kc6 62. Kd3 Kd6 63. Ra5 Rxe7 64. Ra6+ Kd7 65. d5 Re3+ 66. Kc2 Rxh3 0-1

[Event "Sachsen-Anhalt-ch op"]
[Site "Magdeburg"]
[Date "2021.10.30"]
[Round "6"]
[White "Marnyuk, Serhiy"]
[Black "Rohde, Niclas"]
[Result "1/2-1/2"]
[WhiteElo "1788"]
[BlackElo "1675"]
[PlyCount "126"]
[EventDate "2021.10.28"]
[EventType "swiss"]
[EventRounds "7"]
[EventCountry "GER"]
[SourceTitle "CBM 205 Extra"]
[Source "ChessBase"]
[SourceDate "2022.01.31"]
[SourceVersion "1"]
[SourceVersionDate "2022.01.31"]
[SourceQuality "1"]

1. Nf3 Nf6 2. d4 g6 3. e3 Bg7 4. Nbd2 0-0 5. b4 d6 6. Bb2 Nbd7 7. a4 Re8 8. Nc4 c5 9. dxc5 dxc5 10. b5 Qc7 11. Be2 Rd8 12. Qc1 Nd5 13. Bxg7 Kxg7 14. 0-0 N7f6 15. Qb2 h6 16. Rad1 Be6 17. Nfe5 Nb6 18. a5 Nxc4 19. Bxc4 Bxc4 20. Nxc4 Rxd1 21. Rxd1 Rd8 22. Rd3 Kg8 23. h3 Rd5 24. e4 Rd7 25. Qe5 Qxe5 26. Nxe5 Rxd3 27. cxd3 Kf8 28. Kf1 Ke8 29. a6 bxa6 30. bxa6 Nd7 31. Nc6 f6 32. Ke2 Kf7 33. f4 Ke6 34. g3 h5 35. h4 Nb6 36. Nxa7 Kd7 37. Kd2 Kc7 38. Kc3 e6 39. Kb3 Na8 40. Nb5+ Kc6 41. Ka4 Kb6 42. a7 Ka6 43. Nd6 Nb6+ 44. Kb3 Kxa7 45. Ne8 Nd7 46. Kc4 Kb6 47. Nd6 Kc7 48. Nb5+ Kc6 49. Na3 e5 50. Nc2 exf4 51. gxf4 Nb6+ 52. Kc3 Nc8 53. Ne3 Nd6 54. Nd5 f5 55. Nf6 Nb5+ 56. Kd2 Nd4 57. Ke3 Kd6 58. e5+ Ke6 59. Nh7 Nc2+ 60. Kd2 Nd4 61. Ng5+ Kd5 62. Ke3 Nc2+ 63. Kd2 Nd4 1/2-1/2

[Event "GER-ch U16"]
[Site "Willingen"]
[Date "2021.08.28"]
[Round "8"]
[White "Rohde, Niclas"]
[Black "Chassard, Cedric"]
[Result "1-0"]
[WhiteElo "1591"]
[BlackElo "1971"]
[PlyCount "119"]
[EventDate "2021.08.22"]
[EventType "swiss"]
[EventRounds "9"]
[EventCountry "GER"]
[SourceTitle "EXT 2022"]
[Source "ChessBase"]
[SourceDate "2021.10.06"]
[SourceVersion "1"]
[SourceVersionDate "2021.10.06"]
[SourceQuality "1"]

1. e4 e5 2. Nf3 Nc6 3. Bc4 Bc5 4. c3 Nf6 5. d4 exd4 6. 0-0 Nxe4 7. cxd4 d5 8. dxc5 dxc4 9. Qe2 Qd3 10. Re1 f5 11. Nc3 0-0 12. Nxe4 fxe4 13. Qxe4 Qxe4 14. Rxe4 c3 15. bxc3 Bf5 16. Re1 Rad8 17. Be3 Rd7 18. Nd4 Be4 19. f3 Bd5 20. Nxc6 Bxc6 21. Bd4 Kf7 22. Re3 Re8 23. Rae1 Rxe3 24. Rxe3 g6 25. Kf2 Bd5 26. a3 a5 27. Kg3 c6 28. Re1 Re7 29. Rxe7+ Kxe7 30. Kf4 Ke6 31. Ke3 Bb3 32. c4 Bxc4 33. Ke4 Bd5+ 34. Kf4 Bb3 35. Kg5 Bc2 36. Kh6 Kd5 37. Be3 Kc4 38. Kxh7 a4 39. Kh6 Kb3 40. Bc1 Bd3 41. f4 Kc2 42. Be3 Kb2 43. h4 Kxa3 44. h5 gxh5 45. Kxh5 Kb4 46. g4 a3 47. f5 Kc4 48. Bc1 Kxc5 49. Bxa3+ Kd5 50. Kg5 Be2 51. Kf4 c5 52. g5 Kd6 53. g6 b6 54. f6 Ke6 55. Kg5 Bc4 56. Bb2 Kd7 57. Kh6 Ke8 58. Kg7 b5 59. f7+ Kd7 60. f8Q 1-0

[Event "GER-ch U16"]
[Site "Willingen"]
[Date "2021.08.27"]
[Round "7"]
[White "Rohde, Niclas"]
[Black "Nied, Pascal"]
[Result "0-1"]
[WhiteElo "1591"]
[BlackElo "1870"]
[PlyCount "94"]
[EventDate "2021.08.22"]
[EventType "swiss"]
[EventRounds "9"]
[EventCountry "GER"]
[SourceTitle "EXT 2022"]
[Source "ChessBase"]
[SourceDate "2021.10.06"]
[SourceVersion "1"]
[SourceVersionDate "2021.10.06"]
[SourceQuality "1"]

1. e4 e6 2. d4 d5 3. exd5 exd5 4. c4 Bb4+ 5. Nc3 Nf6 6. Nf3 0-0 7. Bd3 dxc4 8. Bxc4 Bg4 9. 0-0 Nc6 10. Be3 Qd6 11. h3 Bh5 12. Nb5 Qd7 13. g4 Nxg4 14. hxg4 Qxg4+ 15. Kh2 Qxf3 16. Qxf3 Bxf3 17. Bf4 Rad8 18. Bxc7 Rd7 19. Be5 a6 20. Nc3 Nxd4 21. Rg1 g6 22. Rg3 Bd6 23. Bxd6 Rxd6 24. Re1 Bc6 25. Kh3 Nf3 26. Re3 Rd4 27. Bd5 Bxd5 28. Nxd5 Rxd5 29. Rgxf3 f5 30. Rb3 Rf7 31. Rf4 Rfd7 32. Kg2 b5 33. a4 R7d6 34. Rfb4 bxa4 35. Rc3 Rb5 36. Rbc4 Rxb2 37. Rc7 Rdd2 38. Ra7 Rxf2+ 39. Kg3 Rfc2 40. Rxc2 Rxc2 41. Rxa6 Ra2 42. Ra7 a3 43. Kf4 Ra1 44. Kg5 Kf8 45. Kf6 Ke8 46. Rxh7 a2 47. Ra7 f4 0-1

[Event "Sachsen-Anhalt Landesliga-B 1920"]
[Site "Sachsen Anhalt"]
[Date "2020.09.20"]
[Round "8.5"]
[White "Baerthel, Klaus"]
[Black "Rohde, Niclas"]
[Result "0-1"]
[WhiteElo "1801"]
[BlackElo "1712"]
[PlyCount "68"]
[EventDate "2019.09.29"]
[EventType "team-tourn"]
[EventRounds "9"]
[EventCountry "GER"]
[SourceTitle "EXT 2023"]
[Source "ChessBase"]
[SourceDate "2022.10.05"]
[SourceVersion "1"]
[SourceVersionDate "2022.10.05"]
[SourceQuality "1"]
[WhiteTeam "Naumburg II"]
[BlackTeam "Anhalt"]
[WhiteTeamCountry "GER"]
[BlackTeamCountry "GER"]

1. e4 e5 2. Nf3 Nf6 3. Nxe5 Nc6 4. Nxc6 dxc6 5. Nc3 Bc5 6. Be2 h5 7. h3 Be6 8. d3 Qd6 9. Bg5 0-0-0 10. Qd2 Rde8 11. Bf3 Bd4 12. Be3 c5 13. Bxd4 cxd4 14. Ne2 g5 15. Qxg5 Qb4+ 16. Qd2 Qxb2 17. 0-0 Reg8 18. a4 Qb6 19. Rab1 Qc5 20. Qf4 Qe7 21. Nxd4 h4 22. Nxe6 fxe6 23. e5 Nd5 24. Bxd5 exd5 25. Qb4 c5 26. Qf4 Rf8 27. Qg4+ Kb8 28. f4 Rhg8 29. Qf3 Rd8 30. f5 Rg3 31. Qf4 Rdg8 32. e6+ Ka8 33. f6 Qxe6 34. f7 Rxg2+ 0-1

[Event "GER-chT U14"]
[Site "Magdeburg"]
[Date "2019.12.27"]
[Round "2.6"]
[White "Rohde, Niclas"]
[Black "Schroeder, Lennart"]
[Result "0-1"]
[WhiteElo "1609"]
[BlackElo "1863"]
[PlyCount "84"]
[EventDate "2019.12.27"]
[EventType "team-swiss"]
[EventRounds "7"]
[EventCountry "GER"]
[SourceTitle "CBM 194 Extra"]
[Source "ChessBase"]
[SourceDate "2020.03.31"]
[SourceVersion "1"]
[SourceVersionDate "2020.03.31"]
[SourceQuality "1"]
[WhiteTeam "Anhalt"]
[BlackTeam "Muenster 32"]
[WhiteTeamCountry "GER"]
[BlackTeamCountry "GER"]

1. e4 c5 2. Nc3 g6 3. f4 Bg7 4. Bc4 Nc6 5. Nf3 d6 6. 0-0 e6 7. d3 Nge7 8. Qe1 Nd4 9. Bb3 0-0 10. Qh4 Nec6 11. Qxd8 Rxd8 12. Rb1 b5 13. Bd2 a5 14. a4 b4 15. Nd1 Nxb3 16. cxb3 Ba6 17. Nf2 Bd4 18. Nxd4 Nxd4 19. Be3 Nxb3 20. Rfd1 e5 21. Ng4 h5 22. Nf6+ Kg7 23. Nd5 Bb7 24. Nb6 Ra6 25. Nc4 f6 26. g3 Bc6 27. Ra1 Nxa1 28. Rxa1 d5 29. exd5 Rxd5 30. fxe5 fxe5 31. Kf2 Bd7 32. Kf3 Bf5 33. Re1 Bxd3 34. Nd2 c4 35. Ne4 Bc2 36. Nc5 Rc6 37. Rc1 e4+ 38. Nxe4 Bxa4 39. Ng5 c3 40. bxc3 Rxc3 41. Ra1 Rxg5 42. Rxa4 Re5 0-1

[Event "JBLN Ost 1819"]
[Site "Germany"]
[Date "2019.01.26"]
[Round "6.1"]
[White "Post, Hugo"]
[Black "Rohde, Niclas"]
[Result "1-0"]
[WhiteElo "2136"]
[BlackElo "1609"]
[PlyCount "61"]
[EventDate "2018.09.29"]
[EventType "team-tourn"]
[EventRounds "9"]
[EventCountry "GER"]
[SourceTitle "CBM 189 Extra"]
[Source "ChessBase"]
[SourceDate "2019.06.03"]
[SourceVersion "1"]
[SourceVersionDate "2019.06.03"]
[SourceQuality "1"]
[WhiteTeam "Reideburg 90 Halle"]
[BlackTeam "Anhalt"]
[WhiteTeamCountry "GER"]
[BlackTeamCountry "GER"]

1. e4 d6 2. d4 Nf6 3. Nc3 g6 4. Be3 Bg7 5. Qd2 0-0 6. Nf3 Nbd7 7. Bd3 c5 8. dxc5 Nxc5 9. Bh6 b6 10. Bxg7 Kxg7 11. 0-0-0 Bb7 12. Rde1 Qc7 13. Kb1 Nxd3 14. cxd3 a6 15. Reg1 b5 16. g4 b4 17. Ne2 Nxe4 18. Qe3 Nc5 19. h4 b3 20. a3 Nxd3 21. Ned4 Ne5 22. h5 Rh8 23. hxg6 hxg6 24. Nf5+ Kf6 25. Qg5+ Ke6 26. N3d4+ Kd5 27. Nxe7+ Kxd4 28. Qe3+ Kc4 29. Rc1+ Kb5 30. Qxb3+ Ka5 31. Qb4# 1-0

[Event "JBLN Ost 1819"]
[Site "Germany"]
[Date "2018.12.01"]
[Round "4.1"]
[White "Sulayev, Daniel"]
[Black "Rohde, Niclas"]
[Result "1-0"]
[WhiteElo "2061"]
[BlackElo "1609"]
[PlyCount "93"]
[EventDate "2018.09.29"]
[EventType "team-tourn"]
[EventRounds "9"]
[EventCountry "GER"]
[SourceTitle "CBM 189 Extra"]
[Source "ChessBase"]
[SourceDate "2019.06.03"]
[SourceVersion "1"]
[SourceVersionDate "2019.06.03"]
[SourceQuality "1"]
[WhiteTeam "Berlin Empor"]
[BlackTeam "Anhalt"]
[WhiteTeamCountry "GER"]
[BlackTeamCountry "GER"]

1. c4 d6 2. g3 Nf6 3. Bg2 g6 4. Nc3 Bg7 5. e4 0-0 6. Nge2 c5 7. 0-0 Nc6 8. d3 Rb8 9. h3 a6 10. a4 Bd7 11. Be3 Qc8 12. Kh2 Ne8 13. Qd2 Nc7 14. a5 Nd4 15. Bxd4 cxd4 16. Na4 Bxa4 17. Rxa4 b5 18. axb6 Rxb6 19. b4 Qb8 20. Rb1 e5 21. f4 f6 22. h4 Qd8 23. Rf1 Bh6 24. Qa2 Kh8 25. Bh3 g5 26. hxg5 fxg5 27. f5 Rg8 28. Bg4 Qf6 29. Kg2 Bf8 30. Qd2 Be7 31. Rh1 Kg7 32. Ng1 Rh8 33. Nf3 Rbb8 34. Rh5 h6 35. Rh1 Qf8 36. Bh5 Bf6 37. Nh2 Qc8 38. Ng4 Qb7 39. Bg6 Na8 40. Qa2 Nc7 41. Kf3 Qc6 42. Rh5 Rb6 43. c5 d5 44. cxb6 Qc1 45. bxc7 Qf1+ 46. Nf2 dxe4+ 47. dxe4 1-0